000 00636nam a2200193 a 4500
005 20140412111342.0
008 040114s19uu xx 00 eng d
020 _a0-590-67731-4
050 _aTR(PS E
_bCr87 1984
100 _aGomi, Taro
245 _aCrocodile and the dentist (the) /
_cby Taro Gomi.
260 _aNew York :
_bScholastic Inc,
_c1984.
300 _a[30] p. ; ill.
520 _aThe crocodile has a toothache, nut he's afraid of the dentist. And the dentist is afraid of him, too! what will they do?
650 _aDentists--Fiction
650 _aTeeth--Fiction
650 _aChildren stories
999 _c105145
_d105145